| 000 | 01624nam a2200433 i 4500 | ||
|---|---|---|---|
| 001 | DIGRAMA0132 | ||
| 003 | NyNyDIG | ||
| 007 | cr ||||||||||| | ||
| 008 | 220503s2014 sp a o 001 0 spa d | ||
| 006 | m o d | ||
| 035 | _a(OCoLC)1099977846 | ||
| 040 |
_aDGITA _beng _erda _epn _cDGITA |
||
| 020 |
_a9788499644554 _qeBook |
||
| 020 | _z9788499643007 | ||
| 050 | 1 | 4 | _aQA76.6 ebook |
| 082 | 1 | 4 | _a005.1 |
| 100 | 1 |
_aMoreno Pérez, Juan Carlos, _eauthor. |
|
| 245 | 1 | 0 |
_aProgramación en lenguajes estructurados / _cJuan Carlos Moreno Pérez. |
| 264 | 1 |
_aParacuellos de Jarama, Madrid : _bRa-Ma, _c[2014] |
|
| 300 |
_a1 online resource : _billustrations. |
||
| 336 |
_atext _btxt _2rdacontent |
||
| 337 |
_acomputer _bc _2rdamedia |
||
| 338 |
_aonline resource _bcr _2rdacarrier |
||
| 347 |
_atext file _2rdaft |
||
| 347 | _bPDF | ||
| 500 | _a"Certificado de profesionalidad. MF0494_3" -- Cover. | ||
| 500 | _aIncludes index. | ||
| 588 | 0 | _aOnline resource; title from PDF title page (Digitalia, viewed May 3, 2022) | |
| 650 | 0 | _aStructured programming. | |
| 650 | 0 | _aComputer programming. | |
| 650 | 0 | _aProgramming languages (Electronic computers) | |
| 655 | 0 | _aElectronic books. | |
| 791 | 2 |
_aDigitalia (Firm), _edistributor. |
|
| 793 | 0 |
_gDigitalia eBook Collection: _aRa-Ma Editorial |
|
| 776 | 0 | 8 |
_iPrint version: _aMoreno Pérez, Juan Carlos. _tProgramación en lenguajes estructurados. _dParacuellos de Jarama, Madrid : Ra-Ma, [2014] _z9788499643007 |
| 856 | 4 | 0 |
_3Digitalia Hispánica _uhttps://www.digitaliapublishing.com/a/109999/ |
| 910 | _aPremium collection: 2022 | ||
| 942 | _cRAA | ||
| 999 |
_c272377 _d272377 |
||